Quantum measurement and control / (Record no. 18943)

MARC details
000 -LEADER
fixed length control field 02935cam a2200337 i 4500
001 - CONTROL NUMBER
control field 15871733
003 - CONTROL NUMBER IDENTIFIER
control field EG-ScBUE
005 - DATE AND TIME OF LATEST TRANSACTION
control field 20250316093000.0
008 - FIXED-LENGTH DATA ELEMENTS--GENERAL INFORMATION
fixed length control field 090818r20142010enka f b 001 0 eng d
020 ## - INTERNATIONAL STANDARD BOOK NUMBER
International Standard Book Number 9780521804424 (hardback)
020 ## - INTERNATIONAL STANDARD BOOK NUMBER
International Standard Book Number 0521804426 (hardback)
040 ## - CATALOGING SOURCE
Original cataloging agency DLC
Language of cataloging eng
Description conventions rda
Transcribing agency DLC
Modifying agency BWKUK
-- UKM
-- CDX
-- YDXCP
-- BWX
-- GBVCP
-- DLC
-- EG-ScBUE
082 04 - DEWEY DECIMAL CLASSIFICATION NUMBER
Classification number 530.120151542
Edition number 22
Item number WIS
100 1# - MAIN ENTRY--PERSONAL NAME
Personal name Wiseman, H. M.
Fuller form of name (Howard M.)
Relator term author.
9 (RLIN) 37346
245 10 - TITLE STATEMENT
Title Quantum measurement and control /
Statement of responsibility, etc Howard M. Wiseman, Griffith University, Gerard J. Milburn, University of Queensland.
264 #1 - PUBLICATION, DISTRIBUTION, ETC. (IMPRINT)
Place of publication, distribution, etc Cambridge, United Kingdom ;
-- New York, United States :
Name of publisher, distributor, etc Cambridge University Press,
Date of publication, distribution, etc 2014.
300 ## - PHYSICAL DESCRIPTION
Extent xvi, 460 pages :
Other physical details illustrations ;
Dimensions 26 cm
336 ## - CONTENT TYPE
Source rdacontent
Content type term text
Content type code txt
337 ## - MEDIA TYPE
Media type term unmediated
Source rdamedia
Media type code n
338 ## - CARRIER TYPE
Carrier type term volume
Carrier type code nc
Source rdacarrier
500 ## - GENERAL NOTE
General note Includes appendixes.
504 ## - BIBLIOGRAPHY, ETC. NOTE
Bibliography, etc Includes bibliographical references and index.<br/>
505 0# - FORMATTED CONTENTS NOTE
Formatted contents note Quantum measurement theory-Quantum parameter estimation-Open quantum systems-Quantum trajectories-Quantum feedback control-State-based quantum feedback control-Applications to quantum information processing.
520 ## - SUMMARY, ETC.
Summary, etc "The control of individual quantum systems promises a new technology for the 21st century-quantum technology. This book is the first comprehensive treatment of modern quantum measurement and measurement-based quantum control, which are vital elements for realizing quantum technology. Readers are introduced to key experiments and technologies through dozens of recent experiments in cavity QED, quantum optics, mesoscopic electronics, and trapped particles several of which are analyzed in detail. Nearly 300 exercises help build understanding, and prepare readers for research in these exciting areas. This important book will interest graduate students and researchers in quantum information, quantum metrology, quantum control and related fields. Novel topics covered include adaptive measurement; realistic detector models; mesoscopic current detection; Markovian, state-based and optimal feedback; and applications to quantum information processing"-Provided by publisher.
520 ## - SUMMARY, ETC.
Summary, etc "To begin, we should make clear that the title of this book is best taken as short-hand for 'Quantum measurements with applications, principally to quantum control'. That is, the reader should be aware that (i) a considerable part of the book concerns quantum measurement theory, and applications other than quantum control; and (ii) the sort of quantum control with which we are concerned is that in which measurement plays an essential role, namely feedback (or feedforward) control of quantum systems"-Provided by publisher.
650 #7 - SUBJECT ADDED ENTRY--TOPICAL TERM
Topical term or geographic name as entry element Quantum measure theory.
Source of heading or term BUEsh
9 (RLIN) 37347
653 ## - INDEX TERM--UNCONTROLLED
Resource For college Engineering, Electrical
Arrived date list January2015
655 ## - INDEX TERM--GENRE/FORM
Form subdivision Reading book
9 (RLIN) 34232
700 1# - ADDED ENTRY--PERSONAL NAME
Personal name Milburn, G. J.
Fuller form of name (Gerard J.)
Relator term author.
9 (RLIN) 37348
942 ## - ADDED ENTRY ELEMENTS (KOHA)
Source of classification or shelving scheme Dewey Decimal Classification
Koha item type Book - Borrowing
Holdings
Withdrawn status Lost status Source of classification or shelving scheme Damaged status Not for loan Collection code Home library Current library Shelving location Date acquired Source of acquisition Cost, normal purchase price Serial Enumeration / chronology Total Checkouts Full call number Barcode Date last seen Cost, replacement price Price effective from Koha item type
    Dewey Decimal Classification     Baccah Central Library Central Library First floor 26/01/2015   640.00 21291   530.120151542 WIS 000037368 15/07/2025 800.00 26/01/2015 Book - Borrowing